Evasión tributaria y lavado de dinero (Registro nro. 19982)

Detalles MARC
000 -LEADER
fixed length control field 00321 a2200109 4500
001 - CONTROL NUMBER
control field ART_41592
005 - DATE AND TIME OF LATEST TRANSACTION
control field 20260410161754.0
008 - FIXED-LENGTH DATA ELEMENTS--GENERAL INFORMATION
fixed length control field 260409a
100 1# - MAIN ENTRY--PERSONAL NAME
Personal name Domínguez, Marcelo E.
245 10 - TITLE STATEMENT
Title Evasión tributaria y lavado de dinero
773 0# - HOST ITEM ENTRY
Title Doctrina tributaria
Related parts - Nº 378 (sep. 2011)
Record control number REV4296

No hay ítems disponibles.